[Event "Bruges Masters"]
[Site "Bruges"]
[Date "2019.08.14"]
[Round "7"]
[White "Larsen, Harald"]
[Black "Bekker, Stefan"]
[Result "1/2-1/2"]
[WhiteElo "1991"]
[BlackElo "2272"]
[PlyCount "200"]
[EventDate "2019.08.11"]
[EventType "swiss"]
[EventRounds "9"]
[EventCountry "BEL"]
[SourceTitle "CBM 191 Extra"]
[Source "ChessBase"]
[SourceDate "2019.09.30"]
[SourceVersion "1"]
[SourceVersionDate "2019.09.30"]
[SourceQuality "1"]

1. e4 c5 2. Nf3 d6 3. Bb5+ Nd7 4. d4 a6 5. Bxd7+ Qxd7 6. 0-0 Nf6 7. Nc3 e6 8. dxc5 dxc5 9. Qe2 b5 10. Rd1 Qc7 11. Bg5 Bb7 12. Bh4 b4 13. Bg3 Qc8 14. Nd5 exd5 15. exd5+ Kd8 16. Ne5 Qf5 17. Nxf7+ Kd7 18. Qe6+ Qxe6 19. dxe6+ Kxe6 20. Nxh8 Bd5 21. Re1+ Kd7 22. a3 Bd6 23. Bxd6 Kxd6 24. axb4 cxb4 25. f3 a5 26. b3 Rxh8 27. Rxa5 Bc6 28. Ra7 Rg8 29. Ree7 Bd7 30. Re2 Nd5 31. Rd2 Bc6 32. Kf2 h5 33. Rf7 Ke6 34. Ra7 g6 35. Ra6 Kd6 36. Ra7 Re8 37. Re2 Rf8 38. Rd2 Rf6 39. Ra6 Rf7 40. Rd4 Rc7 41. Rd2 Rd7 42. Rd4 Kc7 43. Ra7+ Bb7 44. Ra5 Kb6 45. Ra1 Rc7 46. Rd2 Nc3 47. Re1 Bc8 48. Rd4 Na2 49. Rd2 Bf5 50. c4 Nc3 51. Ra1 Rf7 52. Ke1 h4 53. h3 Re7+ 54. Kf2 Re8 55. Rd6+ Kb7 56. Rd2 Re5 57. Kf1 Re3 58. Kf2 Re6 59. Kf1 Ra6 60. Rxa6 Kxa6 61. Ke1 Bb1 62. Rd6+ Ka5 63. Kd2 Bf5 64. Rd4 Nb1+ 65. Kc1 Nc3 66. Kd2 Kb6 67. Rxh4 Nb1+ 68. Kc1 Kc5 69. Rf4 Nc3 70. Kd2 Kd6 71. Rd4+ Kc5 72. Rd8 Nb1+ 73. Kc1 Nc3 74. g4 Be6 75. Kd2 Nb1+ 76. Kd3 g5 77. Re8 Kd6 78. c5+ Kd7 79. Rb8 Nc3 80. Rb7+ Kc6 81. Rb6+ Kd5 82. Rxb4 Nd1 83. Rb6 Nf2+ 84. Ke3 Nxh3 85. Rd6+ Ke5 86. b4 Bc4 87. Rd8 Nf4 88. Re8+ Kd5 89. Rg8 Ne6 90. Rg6 Bb5 91. Rxe6 Kxe6 92. f4 Be8 93. fxg5 Ke5 94. g6 Bxg6 95. c6 Kd6 96. b5 Bf7 97. Kd4 Bb3 98. Kc3 Be6 99. g5 Kc5 100. c7 Kb6 1/2-1/2

[Event "Paris-ch op-A"]
[Site "Paris"]
[Date "2010.07.10"]
[Round "8"]
[White "Mayer, Philippe"]
[Black "Larsen, Harald"]
[Result "1-0"]
[WhiteElo "2078"]
[BlackElo "1961"]
[PlyCount "49"]
[EventDate "2010.07.03"]
[EventType "swiss"]
[EventRounds "9"]
[EventCountry "FRA"]
[SourceTitle "CBM 137 Extra"]
[Source "ChessBase"]
[SourceDate "2010.09.01"]
[SourceVersion "1"]
[SourceVersionDate "2010.09.01"]
[SourceQuality "1"]

1. d4 Nf6 2. Nf3 e6 3. c4 c5 4. d5 b5 5. dxe6 fxe6 6. cxb5 d5 7. e3 Bd6 8. Nc3 0-0 9. e4 d4 10. e5 dxc3 11. exd6 cxb2 12. Bxb2 Ne4 13. Qa4 Bb7 14. Rd1 Nd7 15. Bd3 Ng5 16. Qg4 Rxf3 17. h4 Rf7 18. hxg5 g6 19. Bxg6 Nf8 20. Bxf7+ Kxf7 21. g6+ hxg6 22. Qf4+ Ke8 23. d7+ Nxd7 24. Rh8+ Ke7 25. Rh7+ 1-0

[Event "Paris-ch op-A"]
[Site "Paris"]
[Date "2010.07.04"]
[Round "2"]
[White "Garcia Fernandez, Manuel"]
[Black "Larsen, Harald"]
[Result "1/2-1/2"]
[WhiteElo "1859"]
[BlackElo "1961"]
[PlyCount "205"]
[EventDate "2010.07.03"]
[EventType "swiss"]
[EventRounds "9"]
[EventCountry "FRA"]
[SourceTitle "CBM 137 Extra"]
[Source "ChessBase"]
[SourceDate "2010.09.01"]
[SourceVersion "1"]
[SourceVersionDate "2010.09.01"]
[SourceQuality "1"]

1. Nf3 c5 2. e4 a6 3. c4 Nc6 4. d4 cxd4 5. Nxd4 e6 6. Be3 Nf6 7. Nc3 Qc7 8. Be2 Bb4 9. Qc2 0-0 10. 0-0 Nxd4 11. Bxd4 Bd6 12. g3 b6 13. f4 Bc5 14. Rad1 Bxd4+ 15. Rxd4 d5 16. exd5 exd5 17. Bf3 Bh3 18. Rfd1 Rad8 19. Nxd5 Nxd5 20. Rxd5 Be6 21. Rxd8 Rxd8 22. Rxd8+ Qxd8 23. Qe4 g6 24. b3 Qd2 25. Qe2 Qd4+ 26. Kg2 Kf8 27. Qd1 Qxd1 28. Bxd1 Ke7 29. Kf3 Kd6 30. Ke4 Bf5+ 31. Kd4 a5 32. a3 f6 33. b4 axb4 34. axb4 Be6 35. Bf3 h6 36. g4 g5 37. fxg5 hxg5 38. h3 Bf7 39. Bd5 Bg6 40. Be4 Bf7 41. Bd5 Bg6 42. Bg8 Bb1 43. c5+ bxc5+ 44. bxc5+ Kc7 45. Bc4 Bg6 46. Be6 Bb1 47. Bd5 Bg6 48. Ke3 Be8 49. Kd4 Bg6 50. Be6 Bb1 51. Bf5 Ba2 52. Bd3 Bf7 53. Be4 Ba2 54. Ke3 Bf7 55. Kf3 Be8 56. Kg3 Bf7 57. h4 gxh4+ 58. Kxh4 Be8 59. Kg3 Bf7 60. Kf4 Be6 61. Bf5 Bf7 62. Ke4 Ba2 63. Kd4 Bf7 64. Be4 Be6 65. Bf5 Bf7 66. Ke3 Kc6 67. Kd4 Kc7 68. Be4 Be6 69. Bf3 Bf7 70. Ke4 Be6 71. Kf4 Kd8 72. Bc6 Kc7 73. Be8 Kd8 74. Bg6 Ke7 75. Be4 Kd8 76. Kg3 Kc7 77. Kh4 Bf7 78. Bf3 Bg6 79. Bd5 Be8 80. Ba8 Bf7 81. Kg3 Be6 82. Kf4 Kb8 83. Bc6 Kc7 84. Be8 Kd8 85. Bg6 Kc7 86. Be8 Kd8 87. Bg6 Kc7 88. Be4 Kd8 89. Kg3 Bf7 90. Kf4 Be6 91. Bf5 Bf7 92. c6 Kc7 93. Bd7 Bg6 94. Ke3 Kd6 95. Kd4 Bf7 96. Ke4 Bg6+ 97. Bf5 Bf7 98. Bh7 Be6 99. Bf5 Bd5+ 100. Kf4 Bxc6 101. Bc8 Ke7 102. g5 fxg5+ 103. Kxg5 1/2-1/2

[Event "Paris-ch op-A"]
[Site "Paris"]
[Date "2010.07.03"]
[Round "1"]
[White "Larsen, Harald"]
[Black "Emmenecker, Philippe"]
[Result "0-1"]
[WhiteElo "1961"]
[BlackElo "2169"]
[PlyCount "66"]
[EventDate "2010.07.03"]
[EventType "swiss"]
[EventRounds "9"]
[EventCountry "FRA"]
[SourceTitle "CBM 137 Extra"]
[Source "ChessBase"]
[SourceDate "2010.09.01"]
[SourceVersion "1"]
[SourceVersionDate "2010.09.01"]
[SourceQuality "1"]

1. c4 Nf6 2. Nc3 g6 3. g3 Bg7 4. Bg2 e5 5. d3 h6 6. e4 d6 7. Nge2 Nc6 8. h3 0-0 9. Be3 Ne8 10. 0-0 Nd4 11. f4 f5 12. Qd2 Kh7 13. Kh2 c6 14. Rae1 Nc7 15. Bg1 Nce6 16. Nxd4 Nxd4 17. Ne2 Nxe2 18. Rxe2 Qc7 19. d4 fxe4 20. Bxe4 Bf5 21. Bg2 exf4 22. Rxf4 h5 23. Rf1 Rae8 24. Rfe1 Qf7 25. Rxe8 Rxe8 26. b3 Bh6 27. Be3 Qe7 28. Bxh6 Qxe1 29. Qf4 Re2 30. g4 hxg4 31. Bf8 g3+ 32. Qxg3 Be4 33. Qxe1 Rxg2+ 0-1